Hội nghị khoa học công nghệ tuổi trẻ các trường đại học và cao đẳng khối nông - lâm - ngư toàn quốc lần thứ nhất
Uloženo v:
| Hlavní autor: | |
|---|---|
| Médium: | Kniha |
| Jazyk: | Undetermined |
| Vydáno: |
H.
ĐHNN 1
2003
|
| Témata: | |
| Tagy: |
Přidat tag
Žádné tagy, Buďte první, kdo otaguje tento záznam!
|
| Thư viện lưu trữ: | Trung tâm Học liệu Trường Đại học Cần Thơ |
|---|
| LEADER | 00666nam a2200193Ia 4500 | ||
|---|---|---|---|
| 001 | CTU_58570 | ||
| 008 | 210402s9999 xx 000 0 und d | ||
| 082 | |a 630.72 | ||
| 082 | |b H452 | ||
| 100 | |a Hà Minh Tuân ... [et al.] | ||
| 245 | 0 | |a Hội nghị khoa học công nghệ tuổi trẻ các trường đại học và cao đẳng khối nông - lâm - ngư toàn quốc lần thứ nhất | |
| 245 | 0 | |c Hà Minh Tuân ... [et al.] | |
| 260 | |a H. | ||
| 260 | |b ĐHNN 1 | ||
| 260 | |c 2003 | ||
| 650 | |a agriculture | ||
| 650 | |x research,congresses | ||
| 904 | |i Minh | ||
| 980 | |a Trung tâm Học liệu Trường Đại học Cần Thơ | ||